000 00904nam a2200253 i 4500
001 5523
003 ES-MaACL
005 20231002134900.0
007 t|
008 881027s1983 sp a |||| | spa d
020 _a84-500-9473-9
080 _a616.15
100 1 _aBosch Millares, Carlos.
_930661
245 1 0 _aIntroducción a la hematología de sangre periférica
_b: el hemograma y su trascendencia hematológica /
_cCarlos Bosch Millares.
260 _a[Madrid] :
_bConsejo General de Colegios Oficiales de Farmacéuticos,
_c[1983]
300 _a221 p. :
_bil. n. y col. ;
_c25 cm.
504 _aBibliografía: p. 219-221.
650 4 _aHematología.
_913300
710 2 _aConsejo General de Colegios Oficiales de Farmacéuticos (España)
_93214
852 _aES-MaACL
_jL-12182
_95647
852 _aES-MaACL
_jL-7579/Ej.1
_bR.108155
_936929
942 _2udc
999 _c5523
_d5523